Principes de litterature: conseils a une mere sur l'education litteraire de ses enfants

Zapisane w:
Opis bibliograficzny
1. autor: Sayous, A (Autor)
Format: Książka
Język:francuski
Wydane: París Bibliothèque d'Education et de Récréation 1900
Hasła przedmiotowe:
Etykiety: Dodaj etykietę
Nie ma etykietki, Dołącz pierwszą etykiete!

MARC

LEADER 00000nam a2200000 a 4500
001 UCZ0906
003 CL-VaPUC
008 950810e19000000FR |||||||||||||||||fre|d
082 0 4 |a 840.9  |b SAY  |2 21 
100 0 |a Sayous, A  |e author  |9 344196 
245 1 0 |a Principes de litterature: conseils a une mere sur l'education litteraire de ses enfants 
300 |a 354 p 
942 |c BK 
945 |d 19950810 00:00:00  |a rbrito 
260 |a París  |b Bibliothèque d'Education et de Récréation  |c 1900 
650 0 |a Literatura francesa  |9 266330 
650 0 |a Crítica literaria   |9 269189 
650 0 |a Historia  |9 255047 
583 |a last modification  |c 19950810 00:00:00  |k Rodrigo Vera 
999 |c 237773  |d 237771 
952 |0 0  |1 0  |4 0  |6 840_900000000000000_SAY_1900  |7 0  |8 P  |9 247459  |a BIBEDU  |b BIBEDU  |c BIBEDU_PB  |d 2019-11-18  |i 3107930  |o 840.9 SAY 1900  |p 3107930  |r 2024-01-25  |w 2019-11-18  |y BK  |k LIT